| 000 | 00425pab a2200169 454500 | ||
|---|---|---|---|
| 008 | 180718b2002 xxu||||| |||| 00| 0 eng d | ||
| 100 | _aShunfeng Song | ||
| 245 | _aUrbanisation and city size distribution in China | ||
| 260 | _c2002 | ||
| 300 | _ap.2317-327. | ||
| 362 | _aNov | ||
| 650 | _aUrbanization - China | ||
| 650 | _aUrbanization | ||
| 700 | _aKevin Honglin Zhang | ||
| 773 | _aUrban Studies | ||
| 909 | _a54467 | ||
| 999 |
_c54467 _d54467 |
||